| Tag |
First Indicator |
Second Indicator |
Subfields |
| LEADER |
00000cam a2200000 a 4500 |
| 001 |
in00000036115 |
| 005 |
20151007055352.0 |
| 008 |
880407s1987 at a a 00100 eng d |
| 020 |
|
|
|a 0195548558
|
| 035 |
|
|
|a (OCoLC)17746275
|
| 035 |
|
|
|9 AAB8052AM
|
| 040 |
|
|
|a HBS
|c HBS
|d TXA
|d UtOrBLW
|
| 043 |
|
|
|a u-at---
|
| 049 |
|
|
|a TXAM
|c [A11074289]
|
| 050 |
|
4 |
|a QA76.9.C66
|b C43 1987
|
| 245 |
0 |
0 |
|a Challenges and change :
|b Australia's information society /
|c edited by Trevor Barr.
|
| 264 |
|
1 |
|a Melbourne ;
|a New York :
|b Oxford University Press, in association with the Commission for the future,
|c 1987.
|
| 300 |
|
|
|a viii, 188 pages :
|b illustrations ;
|c 23 cm.
|
| 336 |
|
|
|a text
|b txt
|2 rdacontent
|
| 337 |
|
|
|a unmediated
|b n
|2 rdamedia
|
| 338 |
|
|
|a volume
|b nc
|2 rdacarrier
|
| 504 |
|
|
|a Bibliography: pages 172-181.
|
| 500 |
|
|
|a Includes index.
|
| 650 |
|
0 |
|a Information science
|x Social aspects
|z Australia.
|
| 650 |
|
0 |
|a Information policy
|z Australia.
|
| 650 |
|
0 |
|a Computers and civilization
|z Australia.
|
| 650 |
|
0 |
|a Information services
|x Government policy.
|
| 700 |
1 |
|
|a Barr, Trevor.
|
| 710 |
2 |
|
|a Commission for the Future.
|
| 740 |
0 |
|
|a Australia's information society.
|
| 999 |
|
|
|a MARS
|
| 999 |
f |
f |
|s 204adc5b-494d-32ad-9e61-2bc814fe9a22
|i a9a7ad3a-d698-3432-8935-e35de51f54a8
|t 0
|
| 952 |
f |
f |
|p ric
|a Texas A&M University
|b Rellis Campus
|c Joint Library Facility
|d Remote Storage
|t 0
|e QA76.9.C66 C43 1987
|h Library of Congress classification
|i unmediated -- volume
|m A14811074289
|
| 998 |
f |
f |
|a QA76.9.C66 C43 1987
|t 0
|l Remote Storage
|